| 000 | 00387cam a2200145ua 4500 | ||
|---|---|---|---|
| 041 |
_aeng _h |
||
| 082 |
_a632.7 _bJON/PE |
||
| 100 | _aJones, F G W . | ||
| 245 |
_aPests of field crops / _cF G W Jones. _hTextual Documents |
||
| 260 |
_aLondon : _bEdward Arnold Publications Ltd , _c1966. |
||
| 300 | _a406 ; . | ||
| 700 | 1 | _aJones, Margaret G . | |
| 942 | _cBK | ||
| 999 |
_c10728 _d10728 |
||